Guess caos member from the message - Statistics

General Stats
  • This quiz has been taken 9 times
  • The average score is 7 of 11
Answer Stats
Hint Answer % Correct
Theo non fare il figo che è la prima volta che vai a sta ora in pale Raffa
100%
2 birre 🥀🥀💔⛓️ Theo
100%
Non lo faccio e prendo BE ✌️🤪 Cugu
80%
Poi per cibo ti consiglio 3 locali. Il primo è uno del granchio “Kani Doraku Dotonbori Main Branch” Musco
80%
ma litigate per la palestra belin Turtu
80%
Che cazzo è Baloc
60%
Ok no i love muscolo del mondo e dopo il tuo nome è il tuo nome di una cosa del tipo di persona e mi fa male il tuo profilo e mi sono a Genova il tuo profilo e mi sono a Genova il tuo nome è il mio padre mi sono dimenticato il tuo profilo e mi sono a casa di una tipa di Jacopo
60%
Sei cascato piccino? Lazza
60%
se ho una macchina in produzione dico stop ai lavori e va bene, se la macchina è finita non puoi tornare indietro Zinga
60%
They used my dick as mic Balos
40%
Il cagasotto Fra
20%
No matching quizzes found
Score Distribution
Percent of People with Each Score
Percentile by Number Answered
Your Score History
You have not taken this quiz